| 000 | 00000nam##2200000za#4500 |
| 001 | 9.692692 |
| 003 | CaOODSP |
| 005 | 20210624233328 |
| 007 | cr ||||||||||| |
| 008 | 150407|2007||||xxc|||||o f|0| 0 eng|d |
| 040 | |aCaOODSP|beng |
| 043 | |an-cn--- |
| 086 | 1 |aA72-61/27-2007E-PDF |
| 110 | 1 |aCanada. |bAgriculture and Agri-Food Canada. |
| 245 | 10|aCanada-Nebraska trade |h[electronic resource] |
| 260 | |aOttawa - Ontario : |bAgriculture and Agri-Food Canada |cUpdated 2007. |
| 300 | |a1p.|bcoloured figs., graphs |
| 500 | |aThe catalogue number (A72-61/27-2007) and ISBN (978-0-662-05274-6) for the bilingual print edition have been incorrectly copied in this PDF edition. |
| 590 | |a10-10-Supp|b2010-11-09 |
| 856 | 40|ahttp://publications.gc.ca|qPDF|s1079 KB|uhttps://publications.gc.ca/collections/collection_2009/agr/A72-61-27-2007E.pdf |
| 986 | |aAAFC No. 10443E |